| 000 | 00557 a2200157 4500 | ||
|---|---|---|---|
| 020 | _a9690017314 | ||
| 040 |
_aDLC _bDLC |
||
| 082 | _a 297.4203 | ||
| 100 | _aArmstrong, Amatullah | ||
| 245 |
_aSufi Terminology (Al-Qamus Al-Sufi): THe Mystical Language of Islam. _c Amatullah Armstrong |
||
| 260 |
_aRawalpindi : _bFerozsons (Pvt.) Ltd. _c , 2001. |
||
| 300 |
_axiii, 277p. _c ; 26 cm. |
||
| 500 | _aIncludes bibliographical references and index | ||
| 650 | _a1.Sufism--Islam--Dictionaries.2.Mysticism--Islam--Dictionaries | ||
| 942 |
_cBK _k 297.4203 ARM _2ddc |
||
| 999 |
_c7174 _d7174 |
||